| 000 | 00850nam a2200265 u 4500 | ||
|---|---|---|---|
| 005 | 20240806064040.0 | ||
| 008 | 180313s2016 es r 000 0 spa d | ||
| 020 | _a9788415089810 | ||
| 035 | _aUPN01000223671 | ||
| 049 | _aCG | ||
| 050 | 4 |
_aPS2612 _bP6.3c 2016 |
|
| 100 | 1 |
_aPoe, Edgar Allan, _d1809-1849 _929415 |
|
| 245 | 1 | 3 |
_aEl gato negro : _by otros relatos = The black cat : and other stories / _cEdgar Allan Poe ; tr. Benjamín Briggent. |
| 250 | _a2a ed. | ||
| 260 |
_aBarcelona, Esp. : _bPlutón, _c2016. |
||
| 300 | _a125 p. | ||
| 440 | 0 | _aClásicos/Bilingües | |
| 500 | _aTexto en español e inglés | ||
| 500 | _aTítulo tomado de la cubierta | ||
| 650 | 4 |
_aLiteratura estadounidense _95229 |
|
| 650 | 4 |
_aCuentos estadounidenses _912811 |
|
| 740 | 4 | _aThe black cat : and other stories | |
| 905 | _aLibro | ||
| 999 |
_c195768 _d195768 |
||